| 000 | 00413pab a2200145 454500 | ||
|---|---|---|---|
| 008 | 180718b1988 xxu||||| |||| 00| 0 eng d | ||
| 100 | _aFarnham, Paul G. | ||
| 245 |
_aEvaluating urban financial conditions _bThe urban conditions index versus municipal bond ratings |
||
| 260 | _c1988 | ||
| 300 | _a268-94 | ||
| 362 | _aDec. | ||
| 650 | _aMunicipal Finance | ||
| 773 | _aUrban Affairs Quarterly | ||
| 909 | _a14194 | ||
| 999 |
_c14194 _d14194 |
||